Statistics for "America" in the Answer

Click here to take the quiz!

General Stats

  • This quiz has been taken 59,809 times
    (9,920 since last reset)
  • The average score is 12 of 20

Answer Stats

ClueAnswer% Correct
Competitor of United and DeltaAmerican Airlines
90%
"Drove my Chevy to the levee"American Pie
86%
Area between Mexico and ColombiaCentral America
80%
Where Kelly Clarkson got her startAmerican Idol
80%
Alter ego of Steve RogersCaptain America
78%
Show that comes on after Family GuyAmerican Dad!
73%
Minneapolis shopping destinationMall of America
73%
For big spenders, they offer the
Black Card
American Express
71%
Pre-Columbian inhabitantNative American
70%
2.5 kids and a white picket fenceAmerican Dream
69%
Notable Green Day songAmerican Idiot
65%
Scholarship pageantMiss America
63%
The parts of the Western Hemisphere
that speak a Romance language
Latin America
54%
Yachting race seriesAmerica's Cup
51%
Teen clothing brandAmerican Eagle
48%
"For amber waves of grain"America the
Beautiful
44%
Place to find a Designated HitterAmerican League
42%
"Ugly Betty" actressAmerica Ferrera
38%
Location of Pago PagoAmerican Samoa
35%
U.S. government radio broadcast
sent into communist countries
during the Cold War
Voice of America
14%

Score Distribution

Percentile by Number Answered

Percent of People with Each Score

Your Score History

You have not taken this quiz since the last reset